Содружество Независимых Государств (Запись № 13643529)

Подробности
000 -МАРКЕР
контрольное поле 02657nam0a2200385 4500
001 - ИДЕНТИФИКАТОР ЗАПИСИ
контрольное поле RU\NLR\BIBL_A\022705317
005 - ИДЕНТИФИКАТОР ВЕРСИИ
контрольное поле 20260325172246.0
010 ## - МЕЖДУНАРОДНЫЙ СТАНДАРТНЫЙ НОМЕР КНИГИ (ISBN)
Номер (ISBN) 978-5-16-021384-2
Тираж 500
021 ## - НОМЕР ГОСУДАРСТВЕННОЙ РЕГИСТРАЦИИ
Код страны Российская Федерация
Номер КН-П-25-073057
Номер Листа государственной регистраци КН-П-25-7078
035 ## - ДРУГИЕ СИСТЕМНЫЕ НОМЕРА
Идентификатор записи (NLR Aleph) 022705317
100 ## - ДАННЫЕ ОБЩЕЙ ОБРАБОТКИ
Данные общей обработки 20260120d2025 u y0rusy50 ca
101 0# - ЯЗЫК РЕСУРСА
Язык текста, звукозаписи и т.д. русский
102 ## - СТРАНА ПУБЛИКАЦИИ ИЛИ ПРОИЗВОДСТВА
Страна публикации Российская Федерация
105 ## - ПОЛЕ КОДИРОВАННЫХ ДАННЫХ: ТЕКСТОВЫЕ МАТЕРИАЛЫ, МОНОГРАФИЧЕСКИЕ
Кодированные данные о монографическом текстовом документе ac j 000zy
181 #0 - ПОЛЕ КОДИРОВАННЫХ ДАННЫХ: ВИД СОДЕРЖАНИЯ
Код вида содержания (ISBD) i3
Код характеристики содержания (ISBD) axxe
182 #0 - ПОЛЕ КОДИРОВАННЫХ ДАННЫХ: ТИП СРЕДСТВА
Код типа средства (ISBD) n - непосредственное
200 1# - ЗАГЛАВИЕ И СВЕДЕНИЯ ОБ ОТВЕТСТВЕННОСТИ
Основное заглавие Содружество Независимых Государств
Сведения, относящиеся к заглавию учебное пособие
-- для студентов направлений подготовки "Международные отношения", "Зарубежное регионоведение", "Политология", "История"
Первые сведения об ответственности К. П. Курылев, И. А. Филькевич, А. В. Гущин, К. Х. Рахимов
Последующие сведения об ответственности Федеральное государственное автономное образовательное учреждение высшего образования "Российский университет дружбы народов имени П. Лумумбы", Факультет гуманитарных и социальных наук, Кафедра теории и истории международных отношений
203 ## - ВИД СОДЕРЖАНИЯ И ТИП СРЕДСТВА
Вид содержания Текст
Дополнительные сведения об издании визуальный
Тип средства непосредственный
210 ## - ПУБЛИКАЦИЯ, РАСПРОСТРАНЕНИЕ И ДР.
Место издания, распространения и т.д. Москва
Имя издателя, распространителя и т. д. ИНФРА-М
Дата издания, распространения и т.д. 2025
215 ## - ФИЗИЧЕСКАЯ ХАРАКТЕРИСТИКА
Специфическое обозначение материала и объем 266 с.
Другие сведения о физической характеристике табл., цв. ил., портр.
Размеры 21
300 ## - ОБЩИЕ ПРИМЕЧАНИЯ
Текст примечания На с. 263-264 авт.: Курылев К. П. - д-р ист. наук, Филькевич И. А. - д-р экон. наук, проф., акад РАЕ, Гущин А. В. - канд. ист. наук, Рахимов К. Х. - канд. ист. наук
320 ## - ПРИМЕЧАНИЯ О НАЛИЧИИ В ДОКУМЕНТЕ БИБЛИОГРАФИИ / УКАЗАТЕЛЯ
Текст примечания Библиогр. в конце тем
601 02 - НАИМЕНОВАНИЕ ОРГАНИЗАЦИИ КАК ПРЕДМЕТ
Начальный элемент ввода СНГ
Формальный подзаголовок Учебные издания для высших учебных заведений
Тематический подзаголовок Политика и управление
Системный номер авторитетной/нормативной записи 1646559
Идентификатор авторитетной/нормативной записи RU\NLR\AUTH\661026946
686 1# - ИНДЕКСЫ ДРУГИХ КЛАССИФИКАЦИЙ
Индекс Т3(2)79-3я73
701 #1 - ИМЯ ЛИЦА - АЛЬТЕРНАТИВНАЯ ОТВЕТСТВЕННОСТЬ
Начальный элемент ввода Курылев
Часть имени, кроме начального элемента ввода К. П.
Даты 1975-
Расширение инициалов личного имени Константин Петрович
701 #1 - ИМЯ ЛИЦА - АЛЬТЕРНАТИВНАЯ ОТВЕТСТВЕННОСТЬ
Начальный элемент ввода Филькевич
Часть имени, кроме начального элемента ввода И. А.
Расширение инициалов личного имени Игорь Александрович
701 #1 - ИМЯ ЛИЦА - АЛЬТЕРНАТИВНАЯ ОТВЕТСТВЕННОСТЬ
Графика поля Кириллица
Материалы, к которым относится поле rus
Начальный элемент ввода Гущин
Часть имени, кроме начального элемента ввода А. В.
Дополнения к именам, кроме дат канд. ист. наук
Даты 1978-
Расширение инициалов личного имени Александр Владимирович
Системный номер авторитетной/нормативной записи 2701609
Идентификатор авторитетной/нормативной записи RU\NLR\AUTH\770291295
701 #1 - ИМЯ ЛИЦА - АЛЬТЕРНАТИВНАЯ ОТВЕТСТВЕННОСТЬ
Начальный элемент ввода Рахимов
Часть имени, кроме начального элемента ввода К. Х.
Расширение инициалов личного имени Комрон Хакимджонович
711 02 - НАИМЕНОВАНИЕ ОРГАНИЗАЦИИ - АЛЬТЕРНАТИВНАЯ ОТВЕТСТВЕННОСТЬ
Начальный элемент ввода СНГ
Системный номер авторитетной/нормативной записи 274502
Идентификатор авторитетной/нормативной записи RU\NLR\AUTH\881972
942 ## - ДОПОЛНИТЕЛЬНЫЕ ЭЛЕМЕНТЫ ЗАПИСИ (АБИС)
Тип экземпляра АБИС Книга
980 ## - КОЛЛЕКЦИЯ
Название коллекции Национальная библиография

Нет доступных экземпляров.